000 00893nam a2200301 i 4500
003 EG-GICUC
005 20260315234356.0
008 260315s1988 ru ||||fr|||| 00| 0 eng d
040 _aEG-GiCUC
_beng
_cEG-GiCUC
_dEG-GiCUC
_erda
041 _aeng
082 0 4 _221
_a341.48
_bMO.H
092 0 4 _221
099 _aLaw1 11 341.48 MO.H 1988
100 1 _aMovchan , Anatoly
_eAuthor.
245 _aHuman Rights And International Relations /
_c Anatoly Movchan .
264 _aMoscow :
_bProgress Publishers ,
_c1988.
300 _a244 pages ,
_c24 cm
336 _2rda content
_atext
337 _2rda media
_aComputer
338 _2rda carrier
_aOnline Resource
546 _aText in English
650 1 _aHuman Rights
650 1 _a International Law
651 1 _2qrmak
856 4 0 _uhttps://fll.law.cu.edu.eg/fulltext/bks/B11-09187.pdf
905 _a60
942 _2ddc
_cBK
_e21
_n0
999 _c66362
_d66362